Rickshaw: ek mahagatha:pehachan, sangharsh aur dawedari (Record no. 19320)

MARC details
000 -LEADER
fixed length control field 00480nam a2200169Ia 4500
082 ## - DEWEY DECIMAL CLASSIFICATION NUMBER
Classification number RR 920.008 RIK-
245 #0 - TITLE STATEMENT
Title Rickshaw: ek mahagatha:pehachan, sangharsh aur dawedari
260 ## - PUBLICATION, DISTRIBUTION, ETC. (IMPRINT)
Place of publication New Delhi
Name of publisher Vaani Prakashan
Year of publication 2004
300 ## - PHYSICAL DESCRIPTION
Number of Pages 228
440 ## - SERIES STATEMENT/ADDED ENTRY--TITLE
Title Sarokar: adhyayanmala
504 ## - BIBLIOGRAPHY, ETC. NOTE
Bibliography, etc includes reference
650 ## - SUBJECT ADDED ENTRY--TOPICAL TERM
Topical Term Rickshaw men
Form subdivision Social conditions
650 ## - SUBJECT ADDED ENTRY--TOPICAL TERM
Topical Term Social problems
650 ## - SUBJECT ADDED ENTRY--TOPICAL TERM
Topical Term Rickshaw men
Form subdivision Economic conditions
700 ## - ADDED ENTRY--PERSONAL NAME
Personal name Rajendra Ravi
942 ## - ADDED ENTRY ELEMENTS (KOHA)
Koha item type Books
Holdings
Withdrawn status Lost status Damaged status Not for loan Home library Current library Date acquired Source of acquisition Bill Date Full call number Accession Number Price effective from Koha item type
        NASSDOC Library NASSDOC Library 29/09/2010 Gifted by : RSP Division ICSSR 2010-09-15 RR 920.008 RIK- 46598 18/04/2019 Books